000 00395nam a2200169Ia 4500
008 230524s9999 xx 000 0 und d
020 _a0074516329
082 _a621.3
_bMIT
100 _aV.L.Mittle
245 0 _aBasic Electrical Engineering
250 _a22
260 _aNEW DELHI
_bTMH
_c2004
300 _aXII;697
500 _aQuantity Number: 25
650 _aElectrical
942 _cBK
999 _c4389
_d4389